000
00403nam a2200145Ia 4500
008
100122s9999 xx 000 0 und d
082
_b
13299
_a
300
100
_a
रानडे स अ
245
_a
तेजी मंदी
260
_b
उद्यम प्रकाशन
_c
1965
300
_a
48
630
_a
तेजी मंदी
730
_a
तेजी मंदी
942
_c
BOOK
999
_c
404129
_d
404126